00473nam a2200145Ia 4500008004100000041000800041082001200049100001600061245003600077260003900113300003200152365001100184999001500195952011700210240624s9999 xx 000 0 und d aeng a200 FLO aFLOOD GAVIN aBLACKWELL COMPANION TO HINDUISM c2003aOxfordbBlackwell Publishing axiii, : 599 : p. : cm. ; 23 cRSb35 c5821d5821 00104070aIMTNbIMTNcRack 4-Ad2007-08-29eRBCg595.00o200 FLOp5821r2024-06-24 00:00:00t1w2024-06-24yBK